Cinco panes de cebada /
Guardado en:
| Autor Principal: | |
|---|---|
| Formato: | Libro |
| Publicado: |
Madrid :
Ediciones Sm,
2002
|
| Edición: | 30. ed. |
| Series: | Gran angular ; 17
|
| Materias: | |
| Etiquetas: |
Agregar Etiqueta
Sin Etiquetas, Sea el primero en etiquetar este registro!
|
| LEADER | 00565nam a22002055a 4500 | ||
|---|---|---|---|
| 001 | CEM.cems012183 | ||
| 005 | 20060809000000.0 | ||
| 008 | 130507s2002##################000#0#####d | ||
| 003 | CEMS | ||
| 020 | |a 8434808757 | ||
| 082 | 0 | 4 | |a 863.6 |
| 100 | 1 | |a Baquedano, Lucía | |
| 245 | 1 | 0 | |a Cinco panes de cebada / |c Lucía Baquedano |
| 250 | |a 30. ed. | ||
| 260 | |a Madrid : |b Ediciones Sm, |c 2002 | ||
| 300 | |a 175 p. | ||
| 490 | 0 | |a Gran angular ; 17 | |
| 653 | |a Literatura para adolescentes | ||
| 653 | |a Novelas | ||
| 859 | |a CEMS |b BIB. CEMS - 11 de abril |h 863.6 |i B229 |p 23427.06 |t Ej.1 | ||
